000
00202 a2200097 4500
001
45632
100
_a
Hailey, A
245
_a
Strong medicine
260
_a
London
_b
Pan books
_c
090
_c
28802
_d
28802
942
_a
NUST-CAE
_c
M
_c
20894
999
_c
280705
_d
280705